Medzinárodné hospodárske vzťahy II.
Salvato in:
| Autore principale: | |
|---|---|
| Ente Autore: | |
| Altri autori: | , , , , , , , , |
| Natura: | Libro |
| Lingua: | slovacco |
| Pubblicazione: |
Bratislava
Vydavateľstvo EKONÓM
2002
|
| Soggetti: | |
| Tags: |
Nessun Tag, puoi essere il primo ad aggiungerne!!
|
MARC
| LEADER | 00000nam a2200000 4500 | ||
|---|---|---|---|
| 001 | c141021 | ||
| 005 | 20221124090602.9 | ||
| 020 | |a 80-225-1624-4 | ||
| 041 | 0 | |a slo | |
| 044 | |a SK | ||
| 245 | 1 | 0 | |a Medzinárodné hospodárske vzťahy II. |c Ľudmila Lipková a kolektív |
| 264 | 1 | |a Bratislava |b Vydavateľstvo EKONÓM |c 2002 | |
| 300 | |a 291 s. | ||
| 610 | 2 | 0 | |a vzťahy hospodárske medzinárodné |
| 610 | 2 | 0 | |a vývoj hospodársky |
| 610 | 2 | 0 | |a deľba práce |
| 610 | 2 | 0 | |a ukazovatele ekonomické |
| 610 | 2 | 0 | |a rast hospodársky |
| 610 | 2 | 0 | |a hospodárstvo svetové |
| 610 | 2 | 0 | |a organizácie medzinárodné |
| 610 | 2 | 0 | |a Európa |
| 610 | 2 | 0 | |a Amerika |
| 610 | 2 | 0 | |a Ázia |
| 610 | 2 | 0 | |a SVE |
| 100 | 1 | |a Lipková, Ľudmila | |
| 700 | 1 | |a Grešš, Martin, 1978- | |
| 700 | 1 | |a Kováč, Matej | |
| 700 | 1 | |a Líner, Martin | |
| 700 | 1 | |a Pupáková, Zuzana | |
| 700 | 1 | |a Tkáč, Richard | |
| 700 | 1 | |a Hromý, Bruno | |
| 700 | 1 | |a Porubský, Juraj | |
| 700 | 1 | |a Krištofová, Katarína | |
| 700 | 1 | |a Schönwiesner, Roman | |
| 710 | 2 | |a Ekonomická univerzita v Bratislave. Fakulta medzinárodných vzťahov | |